000 01001nam a22002057a 4500
999 _c3288
_d3288
003 AR-CdUCM
008 190306b ||||| |||| 00| 0 spa d
040 _aMUNICIPALIDAD PROVINCIAL DEL CUSCO
_cBIBLIOTECA MUNICIPAL DEL CUSCO
082 _a344.09 /
_bM26
100 _aCarreño Martonell, Alberto
_910945
245 _aPatrimonio Cultural :
_bPolíticas Contra el Tráfico Ilícito /
260 _aLima :
_bFondo Editorial de Cultura Económica ,
_c1998.
300 _a187 páginas ;
_c21 cm.
505 _aContenido: Nrmatividad Internacional sobre el patrimonio Cultural -- Aspectos Doctrinarios Respecto a la Comercializacion, importacion y exportacion ilicitas de bienes culturales -- La Constitucion Politica de 1993 y el Patrimonio Cultural -- Régimen legal Nacional sobre la Proteccion del Patrimonio Cultural...
650 _aConstitucion Politica Peruana
_910946
650 _aPolitica Peruana
_91676
650 _aNormatividad Internacional
_910947
942 _2ddc
_cLIBROS
945 _artm